000 00463nam a2200181Ia 4500
001 11273
005 20260306161934.0
008 260306t2016||||xx |||||||||||||| ||spa||
041 _aESP
082 _a985.02
_bP57 V. 3
100 _aPillsbury, Joanne
_eAUT
245 0 _aFuentes documentales para los estudios andinos 1530-1900
260 _c2016
300 _apáginas 1376-2070 :
_c24 cm.
650 _aGEN
654 _aCHU
942 _cLIB
_dJUS
_fJUS
_2ddc
_n
999 _c11273
_d11273